Pobreza y organización social: acceso a programas sociales de abasto /
Zapisane w:
| 1. autor: | |
|---|---|
| Format: | Texto |
| Hasła przedmiotowe: | |
| Etykiety: |
Dodaj etykietę
Nie ma etykietki, Dołącz pierwszą etykiete!
|
MARC
| LEADER | 00000 a a2200000 04500 | ||
|---|---|---|---|
| 001 | 45889 | ||
| 003 | |||
| 040 | |||
| 100 | |a Torres Salcido, Gerardo | ||
| 245 | |a Pobreza y organización social: |b acceso a programas sociales de abasto / |c Gerardo Torres Salcido | ||
| 650 | |a ECONOMIA | ||
| 650 | |a MEXICO | ||
| 773 | |g número68 (1993), páginas 19-22 | ||
| 999 | |c 22610 |d 22610 | ||
